000
00197 a2200109 4500
020
_a
8475550223
041
_a
spa
100
_a
Mercer Mayer
245
_a
Yo y mi Papa
942
_c
BK
952
_7
1
999
_c
23178
_d
23178